Missing Word: Steven Spielberg Movies A-Z Quiz Stats

 Plays Quiz Updated Mar 29, 2018

Challenge
Share
Tweet
Embed
Score 0/18 Timer 02:00
0 Plays Today
Movie Title Answer % Correct
Catch ____ if You CanMe
98.7%
Raiders of the Lost ____Ark
98.2%
Schindler's ____List
97.8%
____ Private RyanSaving
97.8%
Indiana Jones and the Temple of ____Doom
97.5%
The Color ____Purple
96.3%
War of the ____Worlds
94.6%
A.I. Artificial ____Intelligence
92.7%
____ Encounters of the Third KindClose
91.6%
Movie Title Answer % Correct
____ ParkJurassic
91.4%
Twilight ____ : The MovieZone
90.2%
Minority ____ Report
86.9%
Ready Player ____One
79.2%
____ of the SunEmpire
69.8%
Indiana Jones and the _____ of the Crystal SkullKingdom
68.5%
____ of SpiesBridge
63.9%
War ____Horse
61.3%
The Adventures of ____Tintin
58.6%

Today's Daily Dose

Missing Word
Hayao Miyazaki

Word Ladder
Florida

On This Day
December 13th II

You're not logged in!

Compare scores with friends on all Sporcle quizzes.
OR
Log In

You Might Also Like...

Show Comments

Extras

Top Quizzes Today


Score Distribution

Your Account Isn't Verified!

In order to create a playlist on Sporcle, you need to verify the email address you used during registration. Go to your Sporcle Settings to finish the process.

Report this User

Report this user for behavior that violates our Community Guidelines.

Details: